ARRUPE JESUIT UNIVERSITY

CORONAVIRUS -STOP THE SPREAD - CLEAN,DISINFECT,COVER

Crown and charter: (Record no. 13419)

MARC details
000 -LEADER
fixed length control field 00585nam a2200217Ia 4500
003 - CONTROL NUMBER IDENTIFIER
control field 0100
005 - DATE AND TIME OF LATEST TRANSACTION
control field 20180305155409.0
008 - FIXED-LENGTH DATA ELEMENTS--GENERAL INFORMATION
fixed length control field 130303s9999 xx 000 0 und d
020 ## - INTERNATIONAL STANDARD BOOK NUMBER
International Standard Book Number 520026934
040 ## - CATALOGING SOURCE
Transcribing agency ARRUPELIB
050 ## - LIBRARY OF CONGRESS CALL NUMBER
Classification number DT946.B743G3 1974
300 ## - PHYSICAL DESCRIPTION
Other physical details 354 p. ill. 23 cm
100 ## - MAIN ENTRY--PERSONAL NAME
Personal name Galbraith, John S
9 (RLIN) 30644
245 ## - TITLE STATEMENT
Title Crown and charter:
Remainder of title the early years of the British South Africa Company /
260 ## - PUBLICATION, DISTRIBUTION, ETC. (IMPRINT)
Place of publication, distribution, etc Berkeley
Name of publisher, distributor, etc University of California Press
Date of publication, distribution, etc 1974
300 ## - PHYSICAL DESCRIPTION
Extent xi
440 ## - SERIES STATEMENT/ADDED ENTRY--TITLE
Title Perspectives on southern Africa , 14
9 (RLIN) 40243
650 ## - SUBJECT ADDED ENTRY--TOPICAL TERM
Topical term or geographic name as entry element British South Africa Company
9 (RLIN) 40244
650 ## - SUBJECT ADDED ENTRY--TOPICAL TERM
Topical term or geographic name as entry element Rhodes, Cecil John
9 (RLIN) 39721
700 ## - ADDED ENTRY--PERSONAL NAME
Personal name John S. Galbraith
9 (RLIN) 40245
942 ## - ADDED ENTRY ELEMENTS (KOHA)
Source of classification or shelving scheme Library of Congress Classification
Koha item type Monograph ( Printed materials)
Holdings
Withdrawn status Lost status Source of classification or shelving scheme Damaged status Not for loan Collection code Home library Current library Date acquired Total Checkouts Full call number Barcode Date last seen Copy number Price effective from Koha item type
    Library of Congress Classification     Main Collection ARRUPE LIBRARY ARRUPE LIBRARY 04/03/2013   DT946.B743G3 1974 46600000549 07/12/2017 1 04/03/2013 Monograph ( Printed materials)
    Library of Congress Classification     Main Collection ARRUPE LIBRARY ARRUPE LIBRARY 04/03/2013   DT946.B743G3 1974 46600000550 07/12/2017 2 04/03/2013 Monograph ( Printed materials)

 

Arrupe Library. PO Box MP320 Mt Pleasant, Harare, Zimbabwe
263 242 745411|librarian@aju.ac.zw